000 01473nam a22002777a 4500
005 20081031103727.0
008 081031t xxu||||| |||| 00| 0 hin d
010 _aHIN-84574
020 _a9788190608176
_c225.00
035 _aHN-56920
037 _bDBAD / PUB
040 _aDPL
_bHN
082 _a954.014
100 _aमंजु कुमारी
245 _aपालकालीन संस्कृतिः
_cमंजु कुमारी
_bबिहार झारखंड के संदर्भ में /
246 _aPaal Kaaleen Sanskriti
_bby Manju Kumari
260 _aगाजियाबाद
_bअंतिका प्रकाशन
_c2008
270 _aसी-56/यूजीएफ-4, शीलामार गार्डन, एक्सटेंशम-2
_bगाजियाबाद
_e201005
_k0120 6475212
_mantika1999@yahoo.co.in
300 _a144पृ
_c22सेमी (सजिल्द)
_bरंगीन फोटो
651 _aभारत
_xइतिहास
_y750-755
651 _aIndia
_xHistory
_y750-755
651 _aभारत
_xसभ्यता
_xपालवंश
_y750-755
651 _aIndia
_xCivilization
_xPaalvansh
_y750-755
942 _2ddc
_cHN
_mमंजुकु
_h954.014
999 _c17346
_d17346